00251nam a2200097 a 450000500170000000800410001705000180005824500340007665000090011065000340011920141022142007.0081003s19uu xx 00 eng d aVCDbH89 2007 aThe hunt for osama bin laden. aVCD. aThe hunt for Osama Bin Laden.